<?xml version="1.0" encoding="UTF-8"?>
<marc:record xmlns:marc="http://www.loc.gov/MARC21/slim">
   <marc:leader>00000nam a2200000 a 4500</marc:leader>
   <marc:datafield ind1="1" ind2=" " tag="100">
      <marc:subfield code="a">Gebhardt, Patrick</marc:subfield>
      <marc:subfield code="4">aut</marc:subfield>
      <marc:subfield code="e">Verfasser/-in</marc:subfield>
   </marc:datafield>
   <marc:datafield ind1=" " ind2=" " tag="653">
      <marc:subfield code="a">Softcover / Ratgeber/Essen</marc:subfield>
   </marc:datafield>
   <marc:datafield ind1=" " ind2=" " tag="653">
      <marc:subfield code="a">Trinken/Themenkochbücher</marc:subfield>
   </marc:datafield>
   <marc:datafield ind1=" " ind2=" " tag="653">
      <marc:subfield code="a">Alpro</marc:subfield>
   </marc:datafield>
   <marc:datafield ind1=" " ind2=" " tag="653">
      <marc:subfield code="a">Fleischliebhaber</marc:subfield>
   </marc:datafield>
   <marc:datafield ind1=" " ind2=" " tag="653">
      <marc:subfield code="a">Flexitarier</marc:subfield>
   </marc:datafield>
   <marc:datafield ind1=" " ind2=" " tag="653">
      <marc:subfield code="a">Patrick Gebhardt</marc:subfield>
   </marc:datafield>
   <marc:datafield ind1=" " ind2=" " tag="653">
      <marc:subfield code="a">Rezepte</marc:subfield>
   </marc:datafield>
   <marc:datafield ind1=" " ind2=" " tag="653">
      <marc:subfield code="a">Veganer</marc:subfield>
   </marc:datafield>
   <marc:datafield ind1=" " ind2=" " tag="653">
      <marc:subfield code="a">Vegetarisch</marc:subfield>
   </marc:datafield>
   <marc:datafield ind1=" " ind2=" " tag="653">
      <marc:subfield code="a">gesunde Ernährung</marc:subfield>
   </marc:datafield>
   <marc:datafield ind1=" " ind2=" " tag="653">
      <marc:subfield code="a">Kochbuch</marc:subfield>
   </marc:datafield>
   <marc:datafield ind1="0" ind2="0" tag="245">
      <marc:subfield code="a">Plant power</marc:subfield>
   </marc:datafield>
   <marc:datafield ind1="0" ind2="0" tag="245">
      <marc:subfield code="b">lecker essen auf pflanzlicher Basis ; das Alpro Kochbuch</marc:subfield>
   </marc:datafield>
   <marc:datafield ind1="0" ind2="0" tag="245">
      <marc:subfield code="c">mit Rezepten von Patrick Gebhardt</marc:subfield>
   </marc:datafield>
   <marc:datafield ind1=" " ind2="1" tag="264">
      <marc:subfield code="a">München</marc:subfield>
      <marc:subfield code="b">Callwey</marc:subfield>
   </marc:datafield>
   <marc:datafield ind1="1" ind2=" " tag="520">
      <marc:subfield code="a">Angaben aus der Verlagsmeldung

Plant Power : Gesünder essen auf pflanzlicher Basis - Das Alpro Kochbuch mit Rezepten von Patrick Gebhardt

In diesem liebevoll gestalteten Band werden rund 100 raffinierte, aber einfach zuzubereitende Rezepte von Patrick Gebhardt vorgestellt, die die ganze Bandbreite einer Ernährung auf pflanzlicher Basis zeigen. Geordnet nach Jahreszeiten bilden sie ein gut nachvollziehbares, genussvolles Standardwerk für die gesunde Alltagsküche. Eine ausführliche Einleitung erklärt die Vorteile einer Ernährung auf pflanzlicher Basis für unser Wohlbefinden und unsere Umwelt: Es ist überraschend einfach, die Ernährung umzustellen – man muss nur darauf achten, dass 2/3 des Essens pflanzlichen Ursprungs sind. Abgerundet werden die Rezepte durch Tipps zur gesunden Ernährung, Deko-Ideen, Warenkunde, Informationen zu saisonalen Produkten oder Vorschläge für mögliche Varianten und Resteverwertung. Alle Rezepte enthalten Hinweise darüber, ob vegan oder vegetarisch sowie Angaben zu Laktose. So ist für jeden etwas Passendes dabei, ob Fleischliebhaber, Vegetarier, Flexitarier oder Veganer – ein Buch für alle, die Spaß an gesunder und bewusster Ernährung haben und sich selbst etwas Gutes tun möchten.
</marc:subfield>
   </marc:datafield>
   <marc:datafield ind1=" " ind2=" " tag="020">
      <marc:subfield code="a">9783766721785</marc:subfield>
      <marc:subfield code="9">9783766721785</marc:subfield>
   </marc:datafield>
   <marc:datafield ind1=" " ind2=" " tag="020">
      <marc:subfield code="a">376672178X</marc:subfield>
      <marc:subfield code="9">376672178X</marc:subfield>
   </marc:datafield>
   <marc:datafield ind1=" " ind2=" " tag="041">
      <marc:subfield code="a">ger</marc:subfield>
   </marc:datafield>
   <marc:datafield ind1=" " ind2=" " tag="300">
      <marc:subfield code="a">192 Seiten</marc:subfield>
   </marc:datafield>
</marc:record>
